[Event "Junior Online 4NCL Division 5"]
[Site "online"]
[Date "2021.03.18"]
[EventDate "2021.03.18"]
[Round "5.78"]
[White "Qiu, Winston"]
[WhiteElo "1240"]
[WhiteTeam "KCJS 3"]
[Black "Cleanis, Theo"]
[BlackElo "1225"]
[BlackTeam "Desert Penguins Jupiter"]
[Result "1-0"]
[PlyCount "47"]

1. c4 d6 2. d4 Bf5 3. Nc3 e6 4. e4 Bg6 5. Bd3 Nf6 6. Nf3 Nc6 7. Bg5 h6 8. Bh4 Be7 9. d5 exd5 10. cxd5 Nb4 11. Qa4+ Qd7 12. Qxb4 b6 13. Bb5 Qxb5 14. Qxb5+ Kf8 15. Qc6 Rc8 16. Qb7 Rd8 17. Qxc7 Bxe4 18. Nxe4 Nxe4 19. Bxe7+ Kg8 20. Qxd8+ Kh7 21. Qd7 a5 22. Qf5+ Kg8 23. Qxe4 g6 24. Rc1 1-0

[Event "Junior Online 4NCL Division 5"]
[Site "online"]
[Date "2021.03.18"]
[EventDate "2021.03.18"]
[Round "5.81"]
[White "Clayton, Daniel J"]
[WhiteElo "1578"]
[WhiteTeam "SASCA Sharks"]
[Black "Markov, Aleksa"]
[BlackElo "1253"]
[BlackTeam "Maidenhead Juniors 3"]
[Result "1-0"]
[PlyCount "59"]

1. e4 e5 2. Nf3 Nc6 3. Bc4 Bc5 4. O-O Nf6 5. d4 exd4 6. e5 Ng4 7. Bxf7+ Kxf7 8. Ng5+ Ke8 9. Qxg4 d6 10. Qe4 dxe5 11. f4 d3+ 12. Kh1 d2 13. Nxd2 Bf5 14. Qxf5 Qf6 15. Qxf6 gxf6 16. Nge4 exf4 17. Nxc5 Nd4 18. Ndb3 Nxc2 19. Rb1 Nb4 20. Bxf4 Nxa2 21. Rfe1+ Kf7 22. Rbd1 Rhe8 23. Bxc7 Rxe1+ 24. Rxe1 Rc8 25. Bg3 Nb4 26. h3 b6 27. Ne4 Nd3 28. Nd6+ Kf8 29. Nxc8 Nxe1 30. Bxe1 1-0

[Event "Junior Online 4NCL Division 5"]
[Site "online"]
[Date "2021.03.18"]
[EventDate "2021.03.18"]
[Round "5.82"]
[White "Rajeev-Lazar, Csilla"]
[WhiteElo "1213"]
[WhiteTeam "Maidenhead Juniors 3"]
[Black "Atkinson, Matthew"]
[BlackElo "1255"]
[BlackTeam "SASCA Sharks"]
[Result "0-1"]
[PlyCount "42"]

1. d4 d5 2. c4 e6 3. g3 Nc6 4. Bg2 b6 5. Nf3 Nf6 6. Nc3 Bb4 7. Qc2 Bb7 8. b3 dxc4 9. bxc4 Nxd4 10. Qb1 Bxc3+ 11. Bd2 Bxa1 12. Qxa1 Nc2+ 13. Kd1 Nxa1 14. Kc1 Ne4 15. Kd1 Nxd2 16. Nxd2 Bxg2 17. Rg1 Qd4 18. Rxg2 O-O-O 19. Kc1 Qc3+ 20. Kb1 Rxd2 21. e3 Qb2# 0-1

[Event "Junior Online 4NCL Division 5"]
[Site "online"]
[Date "2021.03.18"]
[EventDate "2021.03.18"]
[Round "5.83"]
[White "Harper, Luke"]
[WhiteElo "1166"]
[WhiteTeam "SASCA Sharks"]
[Black "Kumar, Satyam"]
[BlackElo "1204"]
[BlackTeam "Maidenhead Juniors 3"]
[Result "1-0"]
[PlyCount "118"]

1. e4 e5 2. d4 exd4 3. c3 dxc3 4. Nxc3 Nc6 5. Nf3 Nf6 6. Bc4 Bb4 7. Bd2 d6 8. O-O O-O 9. Re1 Bg4 10. h3 Bh5 11. Nd5 Bxd2 12. Nxf6+ Qxf6 13. Qxd2 Bxf3 14. gxf3 Qxf3 15. Be2 Qxh3 16. Bf1 Qg4+ 17. Bg2 Rfe8 18. Re3 Qf4 19. Rae1 Ne5 20. Qc3 Ng4 21. Rf3 Qh2+ 22. Kf1 Qe5 23. Qb3 Nh2+ 24. Kg1 Nxf3+ 25. Bxf3 d5 26. Qxb7 dxe4 27. Qxe4 Qxe4 28. Bxe4 Rad8 29. Kf1 Rd7 30. Bxh7+ Kxh7 31. Rxe8 Rd2 32. Re7 Rxb2 33. Rxc7 Rxa2 34. Rxf7 Kg6 35. Rf8 Rb2 36. Ke1 Rb7 37. Kd2 Kh7 38. Ke3 g6 39. Kf4 Kg7 40. Re8 Rf7+ 41. Kg3 Rf8 42. Re7+ Rf7 43. Re5 Kh6 44. Kg4 Rxf2 45. Kg3 Rf5 46. Re4 a5 47. Rh4+ Kg7 48. Ra4 Kf6 49. Kg4 Ke6 50. Kh4 Kf6 51. Rc4 g5+ 52. Kh5 Rf4 53. Rc6+ Ke7 54. Kxg5 Ra4 55. Kf5 Kd7 56. Rf6 Rd4 57. Ke5 Rb4 58. Kd5 Rb6 59. Rxb6 a4 1-0

[Event "Junior Online 4NCL Division 5"]
[Site "online"]
[Date "2021.03.18"]
[EventDate "2021.03.18"]
[Round "5.84"]
[White "Bade, Susmita"]
[WhiteElo "1135"]
[WhiteTeam "Maidenhead Juniors 3"]
[Black "Dewis, Oliver"]
[BlackElo "903"]
[BlackTeam "SASCA Sharks"]
[Result "1-0"]
[PlyCount "61"]

1. e4 e5 2. Nf3 Nc6 3. Bc4 d6 4. O-O Be7 5. Nc3 Nf6 6. d3 O-O 7. Be3 Bd7 8. h3 Na5 9. Bd5 Nxd5 10. exd5 c6 11. b4 cxd5 12. bxa5 Qxa5 13. Ne2 Rac8 14. Bd2 Qb5 15. Rb1 Qa4 16. Rxb7 Qxc2 17. Rxd7 Qxd1 18. Rxd1 Rc2 19. Rxe7 e4 20. dxe4 dxe4 21. Nfd4 Rxa2 22. Nf5 g6 23. Nxd6 a5 24. Nxe4 a4 25. Bb4 Rxe2 26. Nf6+ Kg7 27. Rxe2 Kxf6 28. Bxf8 Kf5 29. Bb4 Kf4 30. g3+ Kf3 31. Re3# 1-0

[Event "Junior Online 4NCL Division 5"]
[Site "online"]
[Date "2021.03.18"]
[EventDate "2021.03.18"]
[Round "5.85"]
[White "Markov, Aleksa"]
[WhiteElo "1253"]
[WhiteTeam "Maidenhead Juniors 3"]
[Black "Clayton, Daniel J"]
[BlackElo "1578"]
[BlackTeam "SASCA Sharks"]
[Result "0-1"]
[PlyCount "52"]

1. e4 c5 2. Nf3 d6 3. d4 cxd4 4. Nxd4 Nf6 5. Nc3 g6 6. Bc4 Bg7 7. O-O O-O 8. Bf4 e5 9. Bxe5 dxe5 10. Nf3 Nc6 11. Re1 Bg4 12. Qxd8 Raxd8 13. Ng5 h6 14. Nxf7 Rxf7 15. Bxf7+ Kxf7 16. f3 Be6 17. a3 Nd4 18. Rac1 a6 19. Ne2 Bf8 20. Nxd4 Rxd4 21. Red1 Bc5 22. Rxd4 Bxd4+ 23. Kf1 Bxb2 24. a4 Bc4+ 25. Ke1 Bxc1 26. Kd1 Be3 0-1

[Event "Junior Online 4NCL Division 5"]
[Site "online"]
[Date "2021.03.18"]
[EventDate "2021.03.18"]
[Round "5.86"]
[White "Atkinson, Matthew"]
[WhiteElo "1255"]
[WhiteTeam "SASCA Sharks"]
[Black "Rajeev-Lazar, Csilla"]
[BlackElo "1213"]
[BlackTeam "Maidenhead Juniors 3"]
[Result "1/2-1/2"]
[PlyCount "132"]

1. e4 Nf6 2. Nc3 e5 3. Nf3 Nc6 4. Bc4 Bb4 5. Ng5 O-O 6. Nd5 h6 7. Nxf6+ Qxf6 8. Nf3 Bc5 9. d3 Nd4 10. Be3 Nxf3+ 11. Qxf3 Qxf3 12. gxf3 Bxe3 13. fxe3 d6 14. O-O-O a6 15. f4 b5 16. Bd5 Rb8 17. fxe5 dxe5 18. d4 Re8 19. Rhf1 Re7 20. dxe5 Bb7 21. Bxb7 Rxb7 22. Rd8+ Kh7 23. Rf8 c6 24. e6 Rxe6 25. R8xf7 Rxf7 26. Rxf7 Rxe4 27. Rc7 Re6 28. Ra7 Rxe3 29. Rxa6 Re6 30. Kd2 Kg6 31. Kc3 Kf7 32. Kb4 Ke7 33. Kc5 Kd7 34. Ra7+ Kc8 35. Rxg7 Re2 36. Kxc6 Rxc2+ 37. Kxb5 Rxb2+ 38. Kc6 Rc2+ 39. Kb6 Rxh2 40. Rh7 Rxa2 41. Kc6 Ra6+ 42. Kd5 h5 43. Ke4 h4 44. Kf3 h3 45. Rxh3 Ra3+ 46. Kg4 Ra4+ 47. Kg3 Ra3+ 48. Kh2 Ra2+ 49. Kg3 Kd7 50. Rh7+ Ke6 51. Rh6+ Kf5 52. Rh5+ Kg6 53. Rb5 Ra3+ 54. Kf2 Kf6 55. Ke2 Ke6 56. Kd2 Kd6 57. Kc2 Kc6 58. Rh5 Rg3 59. Kd2 Kd6 60. Ke2 Rg4 61. Kf3 Ra4 62. Ke3 Ke6 63. Kd3 Kf6 64. Kc3 Kg6 65. Rb5 Kf6 66. Kb3 Rh4 1/2-1/2

[Event "Junior Online 4NCL Division 5"]
[Site "online"]
[Date "2021.03.18"]
[EventDate "2021.03.18"]
[Round "5.87"]
[White "Kumar, Satyam"]
[WhiteElo "1204"]
[WhiteTeam "Maidenhead Juniors 3"]
[Black "Harper, Luke"]
[BlackElo "1166"]
[BlackTeam "SASCA Sharks"]
[Result "0-1"]
[PlyCount "48"]

1. e4 e5 2. Nf3 f5 3. Nc3 d6 4. d4 fxe4 5. Nxe4 d5 6. Nc3 e4 7. Ne5 Nf6 8. Bg5 Be7 9. Bxf6 Bxf6 10. Qh5+ g6 11. Nxg6 hxg6 12. Qxg6+ Kf8 13. Nxd5 Bxd4 14. Qxe4 Bxb2 15. Rb1 Bg7 16. Qf4+ Kg8 17. Nxc7 Bc3+ 18. Ke2 Rh7 19. Qc4+ Rf7 20. Qxc3 Re7+ 21. Kf3 Qf8+ 22. Kg3 Rg7+ 23. Kh4 Qf4+ 24. Kh5 Qg5# 0-1

[Event "Junior Online 4NCL Division 5"]
[Site "online"]
[Date "2021.03.18"]
[EventDate "2021.03.18"]
[Round "5.88"]
[White "Dewis, Oliver"]
[WhiteElo "903"]
[WhiteTeam "SASCA Sharks"]
[Black "Bade, Susmita"]
[BlackElo "1135"]
[BlackTeam "Maidenhead Juniors 3"]
[Result "0-1"]
[PlyCount "54"]

1. d4 d5 2. c4 dxc4 3. e4 b5 4. Nc3 Ba6 5. Nf3 Nf6 6. Be2 e6 7. O-O Bb4 8. Bd2 O-O 9. Ng5 h6 10. Nf3 Bxc3 11. Bxc3 Nxe4 12. Qb1 Nxc3 13. bxc3 Qf6 14. Qe4 c6 15. Qxc6 Nxc6 16. a3 e5 17. dxe5 Nxe5 18. Nxe5 Qxe5 19. Bf3 Rae8 20. h3 Bc8 21. Bc6 Re6 22. Bxb5 Rb6 23. Bxc4 Qxc3 24. Rac1 Qf6 25. Bd3 Qg5 26. a4 Bxh3 27. Rc2 Qxg2# 0-1

[Event "Junior Online 4NCL Division 5"]
[Site "online"]
[Date "2021.03.18"]
[EventDate "2021.03.18"]
[Round "5.91"]
[White "Jakhria, Kushal"]
[WhiteElo "1723"]
[WhiteTeam "Charlton Juniors"]
[Black "Hara, Narita"]
[BlackElo "1182"]
[BlackTeam "Leeds Juniors 3"]
[Result "1-0"]
[PlyCount "53"]

1. d4 d5 2. c4 c6 3. Nc3 Nf6 4. Nf3 Bf5 5. cxd5 cxd5 6. Qb3 Qd7 7. Ne5 Qc7 8. Nxd5 Nxd5 9. Qxd5 e6 10. Qb5+ Nc6 11. Bf4 Bb4+ 12. Kd1 O-O 13. Nxc6 Qxf4 14. Nxb4 Qxd4+ 15. Nd3 Bxd3 16. Qxd3 Qxb2 17. Rb1 Qxa2 18. Rxb7 Rfd8 19. Rd7 Qa1+ 20. Kd2 Qb2+ 21. Ke3 Qc1+ 22. Qd2 Qxd2+ 23. Rxd2 Rxd2 24. Kxd2 a5 25. g3 a4 26. Bg2 Ra5 27. Ra1 1-0

[Event "Junior Online 4NCL Division 5"]
[Site "online"]
[Date "2021.03.18"]
[EventDate "2021.03.18"]
[Round "5.92"]
[White "Vyas, Miraya"]
[WhiteElo "1040"]
[WhiteTeam "Leeds Juniors 3"]
[Black "Bazan, Mateusz"]
[BlackElo "1457"]
[BlackTeam "Charlton Juniors"]
[Result "0-1"]
[PlyCount "74"]

1. e4 e6 2. d4 d5 3. e5 c5 4. dxc5 Bxc5 5. Nc3 Nc6 6. Nf3 Nge7 7. Be3 Bxe3 8. fxe3 O-O 9. Bd3 Ng6 10. O-O Ncxe5 11. Nxe5 Nxe5 12. Qh5 Nxd3 13. cxd3 d4 14. exd4 Qxd4+ 15. Kh1 b6 16. Ne4 Qxd3 17. Ng5 Qg6 18. Qxg6 hxg6 19. Rf2 f6 20. Ne4 Bb7 21. Nd6 Bd5 22. Rd1 a6 23. Rd3 Rad8 24. Nc4 Bxc4 25. Rxd8 Rxd8 26. h3 Bxa2 27. Rf3 Bd5 28. Rg3 Kf7 29. b4 Rc8 30. Kh2 Rc4 31. Ra3 Bb7 32. Rd3 Bd5 33. Ra3 Bb7 34. Rd3 Ke7 35. Rg3 Rxb4 36. Rxg6 Kf7 37. h4 Kxg6 0-1

[Event "Junior Online 4NCL Division 5"]
[Site "online"]
[Date "2021.03.18"]
[EventDate "2021.03.18"]
[Round "5.93"]
[White "Thompson, Isaac"]
[WhiteElo "1000"]
[WhiteTeam "Charlton Juniors"]
[Black "Birolo, Enzo Bez"]
[BlackElo "987"]
[BlackTeam "Leeds Juniors 3"]
[Result "0-1"]
[PlyCount "144"]

1. d4 d5 2. c4 Nf6 3. Nf3 Bg4 4. Nc3 e6 5. Bg5 Be7 6. e3 Ne4 7. Bxe7 Qxe7 8. cxd5 exd5 9. Nxd5 Qd6 10. Nc3 Nxc3 11. bxc3 Nd7 12. Bb5 O-O-O 13. Ke2 Bxf3+ 14. gxf3 a6 15. Bc4 Qc6 16. Qb3 f6 17. Rab1 b5 18. Bd5 Qd6 19. c4 Nb6 20. c5 Qxd5 21. cxb6 Qxb3 22. Rxb3 cxb6 23. Rc1+ Kb7 24. Rbc3 Rc8 25. f4 Rxc3 26. Rxc3 b4 27. Rc4 a5 28. Kd3 b5 29. Rc5 Kb6 30. Ke4 a4 31. Kd5 b3 32. axb3 a3 33. Rc1 Ra8 34. Ra1 a2 35. Ke4 Kc6 36. Kd3 Kd5 37. Kc2 Ke4 38. Kb2 Kf3 39. Rxa2 Rd8 40. Kc3 Kg2 41. Rd2 Kxh2 42. d5 h5 43. d6 h4 44. d7 h3 45. Kd3 Kg2 46. f3+ Kxf3 47. Kc2 Kxe3 48. Rh2 Kxf4 49. Rxh3 Rxd7 50. Kc3 g5 51. Kb4 Rd5 52. Rh2 g4 53. Rh4 Kf3 54. Rh2 g3 55. Ra2 g2 56. Ra1 Kf2 57. Kc3 g1=Q 58. Rxg1 Kxg1 59. Kb4 Kf2 60. Ka5 Ke3 61. b4 f5 62. Kb6 f4 63. Kc6 Rd4 64. Kxb5 Rxb4+ 65. Kxb4 f3 66. Kc3 f2 67. Kb2 f1=Q 68. Kb3 Qc1 69. Kb4 Kd4 70. Kb3 Qc3+ 71. Ka4 Qb2 72. Ka5 Kc5 0-1

[Event "Junior Online 4NCL Division 5"]
[Site "online"]
[Date "2021.03.18"]
[EventDate "2021.03.18"]
[Round "5.94"]
[White "Stavropoulos, Thiseas"]
[WhiteElo "850"]
[WhiteTeam "Leeds Juniors 3"]
[Black "Gao, Alex"]
[BlackElo "901"]
[BlackTeam "Charlton Juniors"]
[Result "0-1"]
[PlyCount "84"]

1. d4 d5 2. Bf4 c5 3. e3 e6 4. c3 Nf6 5. Nf3 Nc6 6. Bd3 Be7 7. Nbd2 O-O 8. O-O b6 9. Ng5 h6 10. Ngf3 a5 11. Bb5 Bb7 12. Qa4 Qc8 13. b3 Na7 14. Bd3 Ba6 15. Bc2 Bxf1 16. Kxf1 Qd8 17. c4 Bd6 18. Bxd6 Qxd6 19. cxd5 Nxd5 20. Kg1 Nc6 21. Nc4 Qc7 22. e4 Nc3 23. Qa3 Ne2+ 24. Kf1 Nexd4 25. Nxd4 Nxd4 26. Kg1 Nxc2 27. Qb2 Nxa1 28. Qxa1 b5 29. Ne3 c4 30. bxc4 bxc4 31. Qc3 Rab8 32. g3 Rb1+ 33. Kg2 Qc6 34. Qc2 Rfb8 35. Kh3 R8b2 36. Qc3 Qc5 37. f4 Rg1 38. e5 Qb4 39. Qd4 Qd2 40. Qc5 Qxh2+ 41. Kg4 Qxg3+ 42. Kh5 Rh1# 0-1

[Event "Junior Online 4NCL Division 5"]
[Site "online"]
[Date "2021.03.18"]
[EventDate "2021.03.18"]
[Round "5.95"]
[White "Hara, Narita"]
[WhiteElo "1182"]
[WhiteTeam "Leeds Juniors 3"]
[Black "Jakhria, Kushal"]
[BlackElo "1723"]
[BlackTeam "Charlton Juniors"]
[Result "0-1"]
[PlyCount "46"]

1. d4 Nf6 2. Nf3 d5 3. c4 c6 4. Nc3 dxc4 5. e4 b5 6. a4 b4 7. Na2 Nxe4 8. Bxc4 a5 9. O-O Nd7 10. d5 Nb6 11. Bd3 Qxd5 12. Qe2 Nc5 13. Rd1 Nxd3 14. Rxd3 Ba6 15. Rxd5 Bxe2 16. Re5 Bxf3 17. gxf3 Nxa4 18. b3 Nb6 19. Be3 Nd5 20. Bc5 e6 21. Bxf8 Kxf8 22. Rc1 Ra6 23. Kg2 Nf4+ 0-1

[Event "Junior Online 4NCL Division 5"]
[Site "online"]
[Date "2021.03.18"]
[EventDate "2021.03.18"]
[Round "5.96"]
[White "Bazan, Mateusz"]
[WhiteElo "1457"]
[WhiteTeam "Charlton Juniors"]
[Black "Vyas, Miraya"]
[BlackElo "1040"]
[BlackTeam "Leeds Juniors 3"]
[Result "1-0"]
[PlyCount "87"]

1. d4 d5 2. c4 dxc4 3. e4 Nf6 4. e5 Ne4 5. f3 Ng5 6. Bxg5 f6 7. exf6 exf6 8. Be3 Bb4+ 9. Nc3 O-O 10. Bxc4+ Kh8 11. Ne2 Re8 12. Bf2 Bf5 13. O-O Nc6 14. Bd3 Bxd3 15. Qxd3 Bxc3 16. bxc3 a6 17. a4 b5 18. axb5 axb5 19. Qxb5 Rxa1 20. Rxa1 Ne7 21. Nf4 c6 22. Qa5 Qxa5 23. Rxa5 Nc8 24. Ra8 h6 25. d5 cxd5 26. Nxd5 Rd8 27. c4 Kh7 28. g3 Re8 29. Bc5 Re1+ 30. Kf2 Re8 31. Nb6 Rd8 32. Rxc8 Rxc8 33. Nxc8 g5 34. Ne7 Kg7 35. Nf5+ Kg6 36. g4 h5 37. Be7 hxg4 38. fxg4 Kf7 39. c5 Ke6 40. c6 Kd5 41. c7 Ke6 42. c8=Q+ Ke5 43. Qc5+ Kf4 44. Qd4# 1-0

[Event "Junior Online 4NCL Division 5"]
[Site "online"]
[Date "2021.03.18"]
[EventDate "2021.03.18"]
[Round "5.97"]
[White "Birolo, Enzo Bez"]
[WhiteElo "987"]
[WhiteTeam "Leeds Juniors 3"]
[Black "Thompson, Isaac"]
[BlackElo "1000"]
[BlackTeam "Charlton Juniors"]
[Result "0-1"]
[PlyCount "106"]

1. Nf3 d5 2. d4 Nf6 3. Bg5 Nc6 4. e3 Bg4 5. Be2 g6 6. Ne5 Nxe5 7. dxe5 Ne4 8. Bxg4 Nxg5 9. Nd2 Bg7 10. Nf3 Nxf3+ 11. Bxf3 O-O 12. Bxd5 Bxe5 13. O-O Bxb2 14. Bxb7 Rb8 15. Qxd8 Rfxd8 16. Rfd1 Bxa1 17. Rxd8+ Rxd8 18. Kf1 Rd2 19. Ke1 Rxc2 20. Bd5 Be5 21. f4 Bc3+ 22. Kd1 Rf2 23. Kc1 e6 24. Bc4 Rxg2 25. h4 Rh2 26. a4 Rxh4 27. Kc2 Ba5 28. Kd3 Rh1 29. Bb5 h5 30. Ke2 h4 31. Kf2 Rh2+ 32. Kf3 Rc2 33. Kg4 c6 34. Bd3 Rc3 35. Be4 Rxe3 36. Bxc6 h3 37. Kg5 h2 38. Kg4 Re1 39. Kg3 h1=Q 40. Bxh1 Rxh1 41. Kg4 Ra1 42. Kg5 Rxa4 43. Kg4 Rc4 44. Kf3 Bb4 45. Ke3 a5 46. Kd3 Rc8 47. Kd4 a4 48. Ke5 a3 49. Kf6 a2 50. Ke5 a1=Q+ 51. Ke4 Qe1+ 52. Kf3 Rc3+ 53. Kg4 Qg3# 0-1

[Event "Junior Online 4NCL Division 5"]
[Site "online"]
[Date "2021.03.18"]
[EventDate "2021.03.18"]
[Round "5.98"]
[White "Gao, Alex"]
[WhiteElo "901"]
[WhiteTeam "Charlton Juniors"]
[Black "Stavropoulos, Thiseas"]
[BlackElo "850"]
[BlackTeam "Leeds Juniors 3"]
[Result "0-1"]
[PlyCount "142"]

1. e4 c6 2. d4 d5 3. e5 Bf5 4. c3 e6 5. Nf3 c5 6. Na3 Nc6 7. h3 cxd4 8. cxd4 Bb4+ 9. Bd2 Bxd2+ 10. Qxd2 Nge7 11. Be2 O-O 12. O-O h6 13. Nc2 Qb6 14. Ne3 Be4 15. Rfd1 Rac8 16. Rac1 Qb4 17. Qxb4 Nxb4 18. a3 Nbc6 19. Bd3 Bxd3 20. Rxd3 Ng6 21. g3 Nce7 22. Rdc3 Rxc3 23. bxc3 Nc6 24. Nd2 Nge7 25. f4 a5 26. c4 Nxd4 27. cxd5 Ne2+ 28. Kf1 Nxc1 29. d6 Nc6 30. Nec4 b5 31. Nb6 Rb8 32. Nd7 Rd8 33. Nc5 b4 34. axb4 axb4 35. Nc4 Rc8 36. Nb6 Rb8 37. Nc4 Rc8 38. d7 Rc7 39. Na5 Nd8 40. Nab7 Nxb7 41. Nxb7 Rxd7 42. Nc5 Rd5 43. Na4 b3 44. Nb2 Nd3 45. Nc4 b2 46. Nxb2 Nxb2 47. Ke2 Rb5 48. Ke3 Rb3+ 49. Kf2 Nd1+ 50. Kg2 Ne3+ 51. Kf2 Nd1+ 52. Ke2 Rxg3 53. Kxd1 Rxh3 54. Ke2 f6 55. exf6 gxf6 56. Kf2 e5 57. f5 Rh5 58. Kf3 Rxf5+ 59. Ke4 Rf1 60. Ke3 h5 61. Ke4 h4 62. Ke3 h3 63. Ke4 h2 64. Ke3 h1=Q 65. Kd3 Qf3+ 66. Kd2 Rf2+ 67. Ke1 Qe3+ 68. Kd1 Rd2+ 69. Kc1 Qc3+ 70. Kb1 Rb2+ 71. Ka1 Qa3# 0-1

[Event "Junior Online 4NCL Division 5"]
[Site "online"]
[Date "2021.03.18"]
[EventDate "2021.03.18"]
[Round "5.101"]
[White "Adhikari, Aanya"]
[WhiteElo "1015"]
[WhiteTeam "Maidenhead Juniors 5"]
[Black "Wieleba, Hugo"]
[BlackElo "1384"]
[BlackTeam "Wanstead Warriors 2"]
[Result "1-0"]
[PlyCount "131"]

1. e4 e5 2. Nf3 Nc6 3. d4 exd4 4. Nxd4 Qf6 5. Nxc6 Qxc6 6. Nc3 Bb4 7. Bd2 Bxc3 8. Bxc3 Qxe4+ 9. Qe2 Qxe2+ 10. Bxe2 Ne7 11. Bxg7 Rg8 12. Bf6 Rxg2 13. Bxe7 Kxe7 14. O-O-O Rxf2 15. Rde1 d6 16. Bd3+ Kd8 17. Bxh7 Bf5 18. Bxf5 Rxf5 19. Re2 Kd7 20. Rhe1 Re5 21. Rxe5 dxe5 22. Rxe5 Re8 23. Rd5+ Ke6 24. Rd2 Kf5 25. Rf2+ Kg6 26. b3 Re1+ 27. Kb2 f5 28. Rg2+ Kh5 29. Rf2 Kg4 30. h4 Rh1 31. Rg2+ Kxh4 32. Rg7 f4 33. Rh7+ Kg3 34. Rxh1 f3 35. Kc1 Kg2 36. Re1 f2 37. Re2 Kg1 38. Rd2 f1=Q+ 39. Rd1 Qxd1+ 40. Kxd1 Kf2 41. Kd2 Kf3 42. Kd3 Kf4 43. Kd4 Kf5 44. Kd5 Kf6 45. Kc5 Ke7 46. Kb5 Kd6 47. Kc4 Kc6 48. c3 b5+ 49. Kd3 Kc5 50. c4 bxc4+ 51. bxc4 a5 52. Kc3 c6 53. Kb3 Kb6 54. Ka4 Kc5 55. Kb3 a4+ 56. Kxa4 Kxc4 57. Ka3 Kd3 58. Kb2 c5 59. a4 c4 60. Kc1 Kc3 61. a5 Kb4 62. a6 c3 63. a7 c2 64. a8=Q Kb3 65. Qa1 Kc4 66. Kxc2 1-0

[Event "Junior Online 4NCL Division 5"]
[Site "online"]
[Date "2021.03.18"]
[EventDate "2021.03.18"]
[Round "5.102"]
[White "Ta, Duc"]
[WhiteElo "1351"]
[WhiteTeam "Wanstead Warriors 2"]
[Black "Markov, Tijana"]
[BlackElo "1015"]
[BlackTeam "Maidenhead Juniors 5"]
[Result "1-0"]
[PlyCount "59"]

1. d4 d5 2. Bf4 Nf6 3. e3 Nc6 4. Nf3 e6 5. c3 Bd6 6. Bg3 Bxg3 7. hxg3 Bd7 8. Nbd2 Qe7 9. Ne5 Nxe5 10. dxe5 Ne4 11. Bd3 Nxd2 12. Qxd2 Bc6 13. f4 g6 14. O-O-O O-O-O 15. Rh2 a6 16. Rdh1 h5 17. g4 Qf8 18. gxh5 gxh5 19. Rxh5 Qg7 20. R5h2 Rhg8 21. Rg1 Qg3 22. Rh3 Qg4 23. Qf2 Rg7 24. Rh4 Qxh4 25. Qxh4 Rdg8 26. g4 f5 27. exf6 Rf7 28. f5 exf5 29. Bxf5+ Kb8 30. Be6 1-0

[Event "Junior Online 4NCL Division 5"]
[Site "online"]
[Date "2021.03.18"]
[EventDate "2021.03.18"]
[Round "5.103"]
[White "Tran, Charlie"]
[WhiteElo "981"]
[WhiteTeam "Maidenhead Juniors 5"]
[Black "Mukherjee, Aradhya"]
[BlackElo "1337"]
[BlackTeam "Wanstead Warriors 2"]
[Result "1/2-1/2"]
[PlyCount "97"]

1. e4 e5 2. Nf3 Nf6 3. Nxe5 Nc6 4. Nxc6 dxc6 5. d3 Bc5 6. h3 Be6 7. Nc3 O-O 8. Be2 Bb4 9. Bd2 Re8 10. a3 Ba5 11. O-O Qd7 12. Na4 Bxd2 13. Qxd2 Bxh3 14. gxh3 Qxh3 15. Qe3 Qh4 16. Qg3 Qh6 17. Nc3 Nd7 18. Bg4 Rad8 19. Bxd7 Rxd7 20. f4 Rd6 21. Kf2 Rf6 22. Ke3 Rd6 23. Ke2 f5 24. Rf2 Qh5+ 25. Qf3 Qf7 26. Kd2 Qg6 27. Rg2 fxe4 28. Nxe4 Qxe4 29. Qxe4 Rxe4 30. Rag1 g6 31. f5 Re7 32. fxg6 hxg6 33. Rxg6+ Rxg6 34. Rxg6+ Rg7 35. Rxg7+ Kxg7 36. c4 Kf7 37. Kc3 Ke6 38. b4 b6 39. a4 a6 40. b5 a5 41. bxc6 Kd6 42. d4 Kxc6 43. Kb3 Kd6 44. d5 c5 45. Kc3 Ke5 46. Kd3 Kd6 47. Kc3 Ke5 48. Kd3 Kd6 49. Kc3 1/2-1/2

[Event "Junior Online 4NCL Division 5"]
[Site "online"]
[Date "2021.03.18"]
[EventDate "2021.03.18"]
[Round "5.104"]
[White "Wong, Joseph"]
[WhiteElo "1299"]
[WhiteTeam "Wanstead Warriors 2"]
[Black "Kota, Ashwath Kumar"]
[BlackElo "973"]
[BlackTeam "Maidenhead Juniors 5"]
[Result "0-1"]
[PlyCount "68"]

1. e4 c5 2. Nf3 Nc6 3. c3 Nf6 4. Bd3 e5 5. Qb3 Be7 6. Bc4 O-O 7. Ng5 Qe8 8. d3 d6 9. Be3 Na5 10. Bxf7+ Rxf7 11. Nxf7 Nxb3 12. axb3 Qxf7 13. Nd2 Be6 14. Nc4 Ng4 15. O-O Qh5 16. h3 Nxe3 17. fxe3 Bxc4 18. bxc4 Qe2 19. d4 Qxe3+ 20. Kh2 Bh4 21. Rf3 Qxe4 22. d5 Rf8 23. Rxf8+ Kxf8 24. Rf1+ Ke7 25. Rf3 Bg5 26. b4 Bf4+ 27. Kg1 Qe1+ 28. Rf1 Be3+ 29. Kh2 Qxf1 30. bxc5 Bf4+ 31. g3 Qf2+ 32. Kh1 Qxg3 33. cxd6+ Kf6 34. d7 Qh2# 0-1

[Event "Junior Online 4NCL Division 5"]
[Site "online"]
[Date "2021.03.18"]
[EventDate "2021.03.18"]
[Round "5.105"]
[White "Wieleba, Hugo"]
[WhiteElo "1384"]
[WhiteTeam "Wanstead Warriors 2"]
[Black "Adhikari, Aanya"]
[BlackElo "1015"]
[BlackTeam "Maidenhead Juniors 5"]
[Result "0-1"]
[PlyCount "48"]

1. c4 e5 2. g3 Nf6 3. Bg2 Bc5 4. Nc3 Ng4 5. e3 d6 6. Be4 Nf6 7. Qf3 Bg4 8. Qg2 Nxe4 9. Qxe4 Bc8 10. Nge2 Nc6 11. O-O Qf6 12. Nd5 Qd8 13. d4 Bb6 14. Nxb6 axb6 15. d5 Ne7 16. Nc3 Bf5 17. Qg2 Qd7 18. Re1 Bh3 19. Qh1 Qf5 20. e4 Qg4 21. f3 Qd7 22. Kf2 Ng6 23. Rg1 Qe7 24. Qg2 Bxg2 0-1

[Event "Junior Online 4NCL Division 5"]
[Site "online"]
[Date "2021.03.18"]
[EventDate "2021.03.18"]
[Round "5.106"]
[White "Markov, Tijana"]
[WhiteElo "1015"]
[WhiteTeam "Maidenhead Juniors 5"]
[Black "Ta, Duc"]
[BlackElo "1351"]
[BlackTeam "Wanstead Warriors 2"]
[Result "1-0"]
[PlyCount "123"]

1. e4 e6 2. d4 d5 3. exd5 exd5 4. Qh5 Nf6 5. Qe5+ Be6 6. Nf3 Bd6 7. Qe3 O-O 8. Nc3 Re8 9. Qd2 Bf5+ 10. Be2 Ne4 11. Nxe4 Rxe4 12. O-O Qe8 13. Bd3 Rf4 14. Bxf5 Rxf5 15. Re1 Qd7 16. Qe3 Nc6 17. c3 Rf6 18. Bd2 Re6 19. Qd3 Rae8 20. Rad1 h6 21. a3 Qe7 22. Rxe6 fxe6 23. Qg6 Qf6 24. Qxe8+ Kh7 25. Qh5 Ne7 26. Qe8 Nf5 27. Qb5 b6 28. Qe2 Qg6 29. g3 Be7 30. Be3 Nd6 31. Qd3 Nf5 32. Ne5 Qe8 33. g4 Qf8 34. gxf5 exf5 35. Bf4 Qf6 36. Bg3 Qg5 37. f4 Qg4 38. Nxg4 h5 39. Ne5 Bf6 40. Re1 g6 41. Nd7 Bd8 42. Nb8 Bf6 43. Nc6 Kh6 44. Re7 Bxe7 45. Nxe7 Kg7 46. Nc6 a5 47. b4 a4 48. Qa6 Kh6 49. Qxa4 Kg7 50. Qa7 Kf6 51. Qxc7 g5 52. fxg5+ Kxg5 53. Qe5 Kg4 54. Kg2 h4 55. Qxd5 hxg3 56. hxg3 Kg5 57. g4 Kxg4 58. Ne7 Kg5 59. Qxf5+ Kh4 60. Qg6 b5 61. Kf3 Kh3 62. Qg3# 1-0

[Event "Junior Online 4NCL Division 5"]
[Site "online"]
[Date "2021.03.18"]
[EventDate "2021.03.18"]
[Round "5.107"]
[White "Mukherjee, Aradhya"]
[WhiteElo "1337"]
[WhiteTeam "Wanstead Warriors 2"]
[Black "Tran, Charlie"]
[BlackElo "981"]
[BlackTeam "Maidenhead Juniors 5"]
[Result "0-1"]
[PlyCount "104"]

1. e4 e5 2. d4 exd4 3. c3 dxc3 4. Bc4 d6 5. Nxc3 Nf6 6. Qb3 Qe7 7. f3 Nc6 8. Nd5 Nxd5 9. Bxd5 Be6 10. Bxe6 Qxe6 11. Qxb7 Rd8 12. Qxc6+ Qd7 13. Qxd7+ Rxd7 14. Nh3 Be7 15. g4 h6 16. Bf4 O-O 17. O-O c6 18. Nf2 d5 19. exd5 cxd5 20. Rad1 Bf6 21. Ne4 Bxb2 22. Rf2 Ba3 23. Nc3 Bc5 24. Rxd5 Bxf2+ 25. Kxf2 Rxd5 26. Nxd5 Rd8 27. Nb4 Rd4 28. Nc6 Rxf4 29. Nxa7 Ra4 30. Nc6 Rxa2+ 31. Kg3 Ra6 32. Ne5 f6 33. Nd3 Kf7 34. h4 g5 35. hxg5 fxg5 36. Nf2 Ra3 37. Nh3 Kf6 38. Kf2 Kg6 39. Ng1 h5 40. Ke2 hxg4 41. fxg4 Rg3 42. Nf3 Kf6 43. Nxg5 Kxg5 44. Kf2 Kxg4 45. Ke2 Kf4 46. Kd2 Ke4 47. Kc2 Kd4 48. Kd2 Rg2+ 49. Kc1 Kd3 50. Kb1 Kc3 51. Ka1 Kb3 52. Kb1 Rg1# 0-1